000 00426nam a2200169Ia 4500
005 20250423100544.0
008 250422s9999 xx 000 0 und d
020 _a9780070090941
050 _aJA 71 .A76/
100 _aArora, N.D.
245 0 _aPolitical science for civil main examination
260 _aNew Delhi
260 _bTata McGraw Hill Education
260 _c2008
650 _aPoltical science
942 _cBK
999 _c33661
_d33661